000 00919cam a22002897a 4500
003 CHAP
005 20220329135428.0
008 971013s1934 r 00010 spa d
010 _a36316
011 _a37288
035 _a41407
040 _cCHAP
090 _aFolleto 2114
110 _aMéxico. Departamento de Estudios Económicos
_976912
245 1 3 _aEl cacao
_b: producción, industrialización y comercio
260 _aMéxico, D.F. :
_bTalleres Gráficos de la Nación,
_c1934
300 _a77 p
590 _aBATCH-UPD
_b10
_c20130110
_lUCH01
_h1724
590 _aBATCH-UPD
_b10
_c20130410
_lUCH01
_h1106
590 _aBATCH-UPD
_b10
_c20130914
_lUCH01
_h0804
590 _aCONVERSION
_b10
_c20130109
_lUCH01
_h1320
650 1 4 _aCacao
_xAspectos económicos
_xMéxico.
_916925
650 1 4 _aCacao
_xMéxico.
_916961
901 _aBK
942 _cFOLL
949 _aFolleto 2114
_bBC
_cFOLL
_d-94763
_eTS1
_i41407
_si
999 _c36316
_d36316